000 00885nam a22002657a 4500
999 _c12633
_d12633
003 MIRAKIL
005 20190128173614.0
008 190128b tu ||||| |||| 00| 0 tur d
020 _a9789750502835
040 _aTR-AnCHP
_cTR-AnCHP
041 _atur
082 _a305.800956423
_bD63i 2005
100 _aDoğruel, Fulya
245 1 0 _a"İnsaniyetleri benzer..." :
_bHatay'da çoketnili ortak yaşam
_cFulya Doğruel
246 _aHatay'da çoketnili ortak yaşam
260 _aİstanbul :
_bİletişim yayınları,
_c2005.
300 _a284 s. :
_bfotğ. ;
_c20 sm.
490 0 _a İletişim yayınları ;
_v1067.
490 0 _aMemleket kitapları ;
_v150.
504 _aKaynakça vardır.
650 0 _9330
_aÇok kültürlülük
_zHatay, Türkiye
650 0 _95077
_aEtnik yapı
_zHatay, Türkiye
740 _aHatay'da çoketnili ortak yaşam
942 _2ddc
_cBKS